| 000 | 00493 a2200193 4500 | ||
|---|---|---|---|
| 005 | 20240627154204.0 | ||
| 010 | _aB-759951 | ||
| 020 |
_a9780753730652 _c199.00 |
||
| 035 | _aB-759951 | ||
| 037 | _bGift | ||
| 082 | _aS | ||
| 100 |
_aBlyton, Gvid _967886 |
||
| 245 |
_aGiants Around The Corner/ _cGvid Blyton |
||
| 260 |
_aLondon _bBounty Books _c2015 |
||
| 270 | _aLondon | ||
| 300 |
_a191 p. _c19 cm(Pb) |
||
| 942 |
_adpl _cCH _2ddc _hS _mBLY |
||
| 999 |
_c203802 _d203802 |
||